|
|
|
|
| LEADER |
00868pam a22002538a 4500 |
| 001 |
00030359 |
| 005 |
20171026081025.0 |
| 008 |
130124s2011 ||||||viesd |
| 020 |
|
|
|c 45000
|
| 041 |
0 |
# |
|a vie
|
| 082 |
1 |
4 |
|a 372.1
|b B100M
|
| 245 |
1 |
0 |
|c Thùy Dung, Thanh Thúy (dịch)
|a 30 thói quen học sinh tiểu học cần phải rèn luyện
|
| 260 |
# |
# |
|a Hà Nội
|b Dân trí
|c 2011
|
| 300 |
# |
# |
|a 143 tr.
|b ảnh màu
|c 23 cm.
|
| 653 |
# |
# |
|a Giáo dục
|
| 653 |
# |
# |
|a Tiểu học
|
| 653 |
# |
# |
|a Điều cần thiết
|
| 700 |
1 |
# |
|a Thanh, Thúy
|e dịch
|
| 710 |
|
|
|a Han Royal Intenational culture Co., LTD
|
| 852 |
# |
# |
|b Kho mượn
|j KM.0014681
|
| 852 |
# |
# |
|b Kho đọc
|j KD.0014381
|
| 852 |
# |
# |
|j KD.0014381
|j KM.0014681
|
| 910 |
|
|
|d 24/01/2013
|
| 980 |
# |
# |
|a Trung tâm Học liệu Lê Vũ Hùng, Trường Đại học Đồng Tháp
|